[Event "41st Eastman Open Ghent"]
[Site "Ghent"]
[Date "2018.07.16"]
[Round "6"]
[White "Hamblok, Roel"]
[Black "Roos, David"]
[Result "1-0"]
[WhiteElo "2286"]
[BlackElo "2142"]
[Annotator "TA"]
[PlyCount "91"]
[EventDate "2018.07.15"]
[EventCountry "BEL"]
[SourceTitle "playchess.com"]
[Source "ChessBase"]
[SourceQuality "1"]

{[%evp 15,91,18,57,57,56,55,56,59,89,50,50,42,70,63,96,48,47,63,64,-53,-55,-53,-63,-75,-54,-102,-40,-50,-58,-38,-35,-83,14,0,0,-18,72,79,64,32,37,36,181,181,198,188,277,235,311,311,423,420,407,408,391,160,416,191,968,943,1345,1321,6123,3024,6123,6111,29976,29976,29981,29982,29984,29985,29985,29986,29982,29984,29998,29999]} 1. Nf3 Nf6 2. c4 g6 3. Nc3 Bg7 4. e4 d6 5. d4 O-O 6. Be2 e5 7. d5 Nbd7 {[%cal Bb8d7,Bd7f6,Bf6g4][%mdl 32]} 8. O-O Nh5 {LiveBook: 17 Partien} 9. Re1 {E94: Königsindisch (Klassisches System)} (9. g3 Bf6 10. Bh6 Ng7 11. Qd2 Be7 12. Ne1 Nf6 13. f3 Bh3 14. Rf2 Kh8 15. Nd3 Ng8 16. Be3 f5 17. Bf1 {½-½ (17) Paramos Dominguez,R (2398)-Martinez Duany,L (2450) Famalicao 2015}) 9... h6 10. Be3 $146 ({Vorgänger:} 10. b4 a5 11. Ba3 f5 12. bxa5 Rxa5 13. Bb4 Ra8 14. exf5 gxf5 15. Nxe5 Nxe5 16. Bxh5 b6 {0-1 (42) Kolesov,E (2028)-Kovalchuk,V (2126) Alushta 2007}) 10... Nf4 11. Bf1 {Weiß steht etwas besser.} Nf6 12. Qd2 g5 13. Qc2 Bg4 14. Nd2 Bd7 15. b4 Ng4 16. c5 f5 17. Rad1 (17. h3 $14 Nxe3 18. fxe3) 17... Nxg2 $1 $15 18. Bxg2 {Und exf5 würde nun gewinnen.} f4 19. Nc4 {Droht Lc1 und aus.} fxe3 20. fxe3 {[#]} Qe7 ({Günstiger ist} 20... Qe8 $1 $17 {[%cal Re8h5] Droht stark ...Dh5.} 21. Rf1 b5 22. cxb6 axb6 23. Rxf8+ Bxf8) 21. c6 bxc6 22. dxc6 Bxc6 23. Na5 Qe8 (23... Bd7 $17 {Weiss muss nun ...De8 beachten.} 24. Nd5 Qf7) 24. Nxc6 $11 Qxc6 25. Bh3 h5 (25... Nf6 $1 $11) 26. Bxg4 $16 hxg4 27. b5 $36 {[%mdl 2048] Weiss hat Druck.} Qc4 28. Rc1 Rf7 ({Besser ist} 28... Rab8 $14) 29. Nd5 $18 Qxc2 30. Rxc2 Rc8 (30... Rb8 {kämpft weiter.}) 31. Rec1 a6 32. Rxc7 ({Weniger gut wäre} 32. bxa6 c5 $16) 32... Rcxc7 33. Rxc7 {zielt auf b6 ab.} ({Nicht} 33. Nxc7 axb5 34. Nxb5 Rb7 $16) 33... axb5 {[#]} 34. Rxf7 $1 Kxf7 {[%mdl 4096] Endspiel KL-KS} 35. Nc7 (35. Kf2 $18) 35... Ke7 $2 (35... g3 $16) 36. Nxb5 (36. Kg2 $142) 36... d5 $2 (36... g3) 37. exd5 e4 38. a4 {[%cal Ba2a4,Ba4a5,Ba5a6][%mdl 32]} Be5 39. a5 Kd7 40. a6 Kc8 41. Kg2 {Weiß setzt Matt.} Kb8 42. d6 g3 43. d7 {[%cal Rd7d8]} Bf6 44. Kxg3 Ka8 45. Kg4 Be5 46. d8=Q+ {Precision: Weiß = 64%, Schwarz = 25%.} 1-0

[Event "41st Eastman Open Ghent"]
[Site "Ghent"]
[Date "2018.07.16"]
[Round "6"]
[White "Stone, Andrew"]
[Black "Schelvis, Richard"]
[Result "1-0"]
[WhiteElo "2157"]
[BlackElo "2100"]
[Annotator "NA"]
[PlyCount "115"]
[EventDate "2018.07.15"]
[EventCountry "BEL"]
[SourceTitle "playchess.com"]
[Source "ChessBase"]
[SourceQuality "1"]

1. c4 Nf6 2. Nc3 e5 3. Nf3 Nc6 4. e3 h6 {A28: Englische Eröffnung (Vierspringer-Variante)} (4... Bb4 5. Qc2 Bxc3 6. Qxc3 Qe7 7. b3 O-O 8. Bb2 Re8 9. a3 a5 10. h3 b6 11. Be2 Bb7 12. O-O d5 13. cxd5 Nxd5 14. Qc2 e4 {1-0 (41) Caruana,F (2822)-Karjakin,S (2782) Stavanger 2018}) 5. d4 exd4 6. Nxd4 Nxd4 7. Qxd4 Bb4 $146 ({Vorgänger:} 7... Be7 8. b3 c6 9. Bb2 Qa5 10. Be2 d5 11. O-O dxc4 12. Bxc4 Bd7 13. Qf4 Qg5 14. Rad1 {0-1 (28) Sopow,T (1841)-Balonyi,R Hungary 2010}) 8. a3 Bxc3+ 9. Qxc3 O-O 10. b4 d5 11. Bb2 Be6 12. Rd1 c6 13. cxd5 Bxd5 14. Bc4 Qe7 15. Bxd5 cxd5 16. O-O Rac8 17. Qe5 Qe6 18. Qg3 Rc2 19. Bxf6 $16 Qxf6 20. Rxd5 Rfc8 21. Rfd1 Ra2 22. Rd6 Ra1 23. h3 Qc3 24. Qg4 Rxd1+ 25. Rxd1 Rc7 26. Rd8+ Kh7 27. Qe4+ g6 28. Qd4 g5 29. Rh8+ Kg6 30. Rg8+ Kh7 31. Rg7+ Kh8 32. Qxc3 Rxc3 33. Rxf7 Rxa3 34. Rxb7 a6 35. Kh2 Rb3 36. Rb6 Kg7 37. g4 Rb2 38. Kg3 Rb3 39. h4 gxh4+ 40. Kxh4 Rb1 41. Kg3 Rb3 42. Kf4 Ra3 43. Kf5 a5 44. Rb7+ Kf8 45. bxa5 Rxa5+ 46. Kf4 h5 47. gxh5 Rxh5 48. e4 Ra5 49. e5 Ra6 50. Kf5 Rc6 51. f4 Rh6 52. e6 Rh5+ 53. Kg6 Rh2 54. f5 Ke8 55. f6 Rg2+ 56. Kh5 Rh2+ 57. Kg4 Rf2 58. Rb8# 1-0

[Event "41st Eastman Open Ghent"]
[Site "Ghent"]
[Date "2018.07.16"]
[Round "6"]
[White "Vinke, Maarten"]
[Black "Arman, Deniz"]
[Result "1/2-1/2"]
[WhiteElo "2138"]
[BlackElo "2366"]
[Annotator "TA"]
[PlyCount "76"]
[EventDate "2018.07.15"]
[EventCountry "BEL"]
[SourceTitle "playchess.com"]
[Source "ChessBase"]
[SourceQuality "1"]

{[%evp 17,76,0,0,0,0,0,6,3,19,5,22,25,27,20,77,64,91,92,95,58,97,58,67,67,67,67,70,67,100,71,97,97,108,79,84,80,114,69,95,63,52,62,60,47,47,18,18,18,19,20,28,19,37,17,25,7,8,7,8,7,8]} 1. e4 d5 2. exd5 Qxd5 3. Nc3 Qd6 4. d4 Nf6 5. Bc4 a6 6. Nge2 {[%cal Bg1e2,Be2g3,Bg3f5][%mdl 32]} b5 {B01: Skandinavische Verteidigung} 7. Bb3 Bb7 8. Bf4 Qd8 (8... Qd7 9. O-O e6 10. Re1 c5 11. dxc5 Qc6 12. f3 Bxc5+ 13. Kf1 Qb6 14. Ng3 O-O 15. Nce4 Nxe4 16. Nxe4 Bxe4 17. Rxe4 Nc6 18. c3 Rad8 19. Qe1 Ne7 {½-½ (19) Stankovic,M (2420)-Klasan,V (2388) Belgrade 2018}) 9. O-O e6 {LiveBook: 11 Partien} 10. Ng3 c5 11. dxc5 Qxd1 12. Raxd1 Nbd7 $146 ({Vorgänger:} 12... Bxc5 13. Rfe1 O-O 14. a4 b4 15. Nce4 Nxe4 16. Nxe4 Bxe4 17. Rxe4 Nc6 18. Rc4 Rfd8 19. Rxd8+ Rxd8 20. g3 Rd5 21. Be3 {1-0 (21) Skytte,R (2215)-Jensen,V (2270) Aarhus 1998}) 13. Rfe1 {[#] Droht Lxe6 und aus.} Nxc5 14. Nf5 Nxb3 15. axb3 $40 {[%mdl 128] Weiss greift an.} b4 (15... Rd8 $11) 16. Na4 $16 Be4 17. Nb6 Rd8 18. Rxd8+ Kxd8 19. Rd1+ Ke8 20. Nd6+ Bxd6 $1 21. Bxd6 {zielt auf Td4 ab.} Nd5 $1 {[%cal Rd5b6]} 22. Nxd5 exd5 $14 {[%mdl 4096] Endspiel KTL-KTL} 23. Rd2 f6 24. Bxb4 Kf7 25. c3 Rd8 26. f3 Bf5 27. Kf2 Be6 28. Rd4 Rb8 29. Ke3 Rb5 30. Ba3 (30. g4 {seems wilder.} a5 31. Ba3 Rxb3 32. Ra4 Rb5 33. b4) 30... Rxb3 31. Rb4 Rxb4 32. Bxb4 $11 {KL-KL} Bd7 33. Kd4 Ke6 34. Bf8 g5 35. g3 h5 36. b4 Bb5 {Die Stellung ist ausgeglichen.} 37. Ke3 Bc4 38. Bc5 Kf5 {Precision: Weiß = 47%, Schwarz = 53%.} 1/2-1/2

[Event "41st Eastman Open Ghent"]
[Site "Ghent"]
[Date "2018.07.16"]
[Round "6"]
[White "van der Linden, Hans"]
[Black "Lammens, Tim"]
[Result "0-1"]
[WhiteElo "2117"]
[BlackElo "2293"]
[Annotator "NA"]
[PlyCount "76"]
[EventDate "2018.07.15"]
[EventCountry "BEL"]
[SourceTitle "playchess.com"]
[Source "ChessBase"]
[SourceQuality "1"]

1. d4 g6 2. c4 Bg7 3. Nc3 c5 4. d5 Bxc3+ 5. bxc3 f5 6. e4 fxe4 7. f3 e5 {A40: Unusual replies to 1 d4} (7... Nf6 8. Bh6 Qa5 9. Qc2 d6 10. fxe4 Bd7 11. Nf3 Ba4 12. Qb2 Nbd7 13. Bd3 Ng4 14. Bf4 O-O 15. Bg3 {½-½ (84) Bartel,M (2638)-Harikrishna,P (2709) Germany 2013}) 8. fxe4 Qh4+ 9. Kd2 Nf6 10. Nf3 Nxe4+ 11. Kc2 Qe7 12. Bd3 Nf2 13. Qe2 $146 ({Predecessor:} 13. Qe1 Nxd3 14. Kxd3 O-O 15. Bh6 {0-1 (36) Bergsson,S (2288)-Bezold,M (2468) Kallithea 2002}) 13... Nxd3 ({Much weaker is} 13... Nxh1 $6 14. Bg5 $11) 14. Bg5 Qg7 15. Kxd3 d6 16. Nd2 (16. Kc2 $17 {keeps fighting.}) 16... h6 17. Be3 Bf5+ 18. Ne4 Nd7 19. g4 Bxe4+ $1 20. Kxe4 O-O-O 21. Kd3 {[#]} e4+ $19 22. Kc2 Ne5 23. a4 Rhf8 24. Kb3 Rf3 25. Bd2 Rd3 26. Rac1 Qc7 27. Bxh6 Qb6+ 28. Kc2 Qa6 29. Qxe4 Qxa4+ 30. Kb1 Nxc4 31. Qe2 Qb3+ 32. Ka1 Rd2 33. Qxd2 Nxd2 34. Bxd2 Qa3+ 35. Kb1 Qb3+ 36. Ka1 Qxd5 37. Rcd1 Qb3 38. Rhf1 Re8 0-1

[Event "41st Eastman Open Ghent"]
[Site "Ghent"]
[Date "2018.07.16"]
[Round "6"]
[White "Verhelst, Joris"]
[Black "Kett, Tim"]
[Result "1-0"]
[WhiteElo "2098"]
[BlackElo "2231"]
[Annotator "NA"]
[PlyCount "74"]
[EventDate "2018.07.15"]
[EventCountry "BEL"]
[SourceTitle "playchess.com"]
[Source "ChessBase"]
[SourceQuality "1"]

1. c4 e5 2. g3 Nf6 3. Bg2 d6 4. Nc3 g6 5. d3 Bg7 6. Nf3 O-O 7. O-O Nbd7 8. Rb1 Nc5 9. b4 {A24: English Opening vs King's Indian: Lines without ...Nc6} Ne6 10. Qc2 $146 ({Predecessor:} 10. e3 Re8 11. Qc2 Nh5 12. Rd1 f5 13. c5 g5 14. cxd6 cxd6 15. b5 g4 16. Nh4 f4 {1-0 (56) Golubka,P (2348)-Solomaha,A (2297) Kiev 2010}) 10... Nh5 11. c5 d5 12. e4 dxe4 13. dxe4 Nd4 (13... c6 $14) 14. Nxd4 exd4 15. Nd5 d3 16. Qd2 c6 17. Ne3 Be6 18. f4 Bd4 19. f5 Bc4 20. Rf2 Bb5 21. a4 Bxa4 22. Qxd3 Bb5 23. Qd2 a5 24. g4 $2 (24. Bb2 $14 {stays ahead.} Bxb2 25. Qxb2) 24... Nf6 ({Günstiger ist} 24... Bxe3 $1 $17 25. Qxe3 Qd1+ 26. Bf1 Qxg4+ 27. Kh1 Rfe8 28. fxg6 hxg6 29. bxa5 Bxf1 30. Rxf1 Rxe4) 25. Bb2 Bxb2 26. Qxb2 Qd3 27. Rd1 Qxe3 28. Qxf6 axb4 29. fxg6 hxg6 30. Kh1 Qc3 31. e5 $19 (31. Qxc3 {is tougher.} bxc3 32. Rc1) 31... Ra1 32. Rxa1 Qxa1+ 33. Bf1 b3 34. Rf3 Bxf1 35. Rxf1 Qd4 36. e6 Qxf6 37. Rxf6 b2 1-0

[Event "41st Eastman Open Ghent"]
[Site "Ghent"]
[Date "2018.07.17"]
[Round "7"]
[White "Michiels, Bart"]
[Black "Sarrau, Jelle"]
[Result "1/2-1/2"]
[WhiteElo "2554"]
[BlackElo "2366"]
[Annotator "TA"]
[PlyCount "151"]
[EventDate "2018.07.15"]
[EventCountry "BEL"]
[SourceTitle "playchess.com"]
[Source "ChessBase"]
[SourceQuality "1"]

{[%evp 24,151,25,19,20,12,14,14,13,16,16,-7,-12,-18,-25,-48,-65,-59,-56,-61,-57,-59,-33,-78,-47,-66,-40,-90,-56,-53,-41,-64,-53,-41,-26,-31,-26,-19,-20,-25,-28,-78,-74,-63,-47,-58,-23,-36,-33,-23,-23,-30,-30,-30,-30,-37,-37,-67,-20,-67,-44,-47,-45,-45,-62,-47,-44,-49,-64,-64,-64,-131,-131,-130,-128,-127,-77,-112,-92,-91,-85,-158,-169,-165,-136,-375,-357,-536,-528,-564,-551,-540,-85,-85,-85,-85,0,-172,-85,-85,-85,-85,-85,-85,-85,-85,-85,-85,-85,-226,-226,-226,-226,-226,-226,-175,-226,-226,-226,-226,-226,-226,0,-226,-226,-226,-226,-226,-225,-226]} 1. c4 {Krasenkow,M} Nf6 2. d4 e6 3. Nc3 d5 4. cxd5 exd5 5. Bg5 c6 6. e3 Be7 7. Qc2 Nbd7 8. Bd3 h6 9. Bh4 Nh5 10. Bxe7 Qxe7 11. Nge2 {[%cal Bg1e2,Be2c1,Bc1b3,Bb3c5][%mdl 32]} Nb6 12. O-O {D36: Damengambit (Abtauschvariante)} O-O 13. Rae1 {LiveBook: 9 Partien} Be6 14. Nc1 {Die Stellung ist ausgeglichen.} Rad8 15. Nb3 Rfe8 16. Nc5 Bc8 17. b4 Nc4 18. Qe2 Qg5 19. f4 Qh4 {[#]} 20. Qf2 $146 ({Vorgänger:} 20. Bxc4 dxc4 {0-1 (37) Navara,D (2724)-Adams,M (2740) Biel 2015 CBM 168 [Krasenkow,M]}) 20... Qxf2+ 21. Kxf2 Nf6 {Und weiter mit ...Sxe3! wäre nett.} 22. h3 Nd6 23. Kf3 Re7 24. g4 Rde8 25. Nd1 g6 26. Nf2 Kg7 27. Re2 h5 28. Rfe1 hxg4+ 29. hxg4 Rh8 30. Rg1 Rh2 {und nun wäre ...b6 stark für Schwarz.} 31. Ree1 b6 32. Nb3 Nde4 33. Bxe4 Nxe4 34. Nxe4 dxe4+ 35. Kg3 Rxa2 36. Ra1 $1 {[%cal Ra1a2]} Re2 (36... Rb2 {feels hotter.} 37. Rab1 Rxb1 38. Rxb1 Be6 39. Nd2 f5) 37. Rge1 Rxe1 38. Rxe1 $11 {[%mdl 4096] Endspiel KTL-KTS} Be6 39. Nd2 f5 40. Ra1 fxg4 41. Ra3 Bd5 (41... g5 $5) 42. Kxg4 Kf6 43. Nb1 Be6+ 44. Kg3 Kf5 45. Nc3 Bc4 46. Ra1 Rg7 47. Nd1 (47. Rh1 $15) 47... g5 $17 48. fxg5 Rxg5+ 49. Kf2 Rg7 50. Nc3 Rh7 {Und ...Th3 würde nun gewinnen.} 51. Kg3 Bd3 52. Ra4 (52. d5 $142) 52... Rg7+ 53. Kf2 Kg4 54. d5 $2 {[#]} (54. Ra1 $17 {ist eine bessere Verteidigung.} Rh7 55. Kg2) 54... Rf7+ $1 $19 55. Kg2 (55. Ke1 $142 cxd5 56. Nxd5) 55... cxd5 56. Nxd5 Bf1+ 57. Kg1 Bb5 $2 (57... Bc4 $19 58. Nf4 Kf3) 58. Ra2 $17 Rf1+ 59. Kg2 Rf7 ({Lieber} 59... Rf5 $17 60. Nc3 Bf1+ 61. Kg1 Bd3 62. Rg2+ Kh4 63. Rh2+ Kg5) 60. Rf2 $2 {[#]} (60. Kg1 $1 $11) 60... Rxf2+ (60... Rf3 $1 $19 {und Schwarz behält klar die Oberhand.} 61. Nf6+ Kf5) 61. Kxf2 $19 {KL-KS} a5 62. bxa5 bxa5 {Droht stark ...a4.} 63. Nc3 Bd3 {Weiss muss nun ...Kh4 beachten.} 64. Ke1 Kf3 65. Kd2 Kf2 66. Kc1 (66. Nd1+ $17 Kf3 67. Nb2) 66... Kxe3 67. Kb2 Kd2 {Droht ...e3 und aus.} 68. Nxe4+ Bxe4 69. Ka1 Bd5 (69... Kc3 $142) 70. Kb2 Be6 71. Ka1 Bf7 72. Kb2 Be6 73. Ka1 $1 Bg8 {Schwarz steht deutlich besser.} 74. Kb2 Bd5 75. Ka1 Be6 76. Kb2 {Precision: Weiß = 46%, Schwarz = 64%.} 1/2-1/2

[Event "41st Eastman Open Ghent"]
[Site "Ghent"]
[Date "2018.07.17"]
[Round "7"]
[White "Moradiabadi, Elshan"]
[Black "Malakhatko, Vadim"]
[Result "1/2-1/2"]
[WhiteElo "2538"]
[BlackElo "2499"]
[Annotator "TA"]
[PlyCount "118"]
[EventDate "2018.07.15"]
[EventCountry "BEL"]
[SourceTitle "playchess.com"]
[Source "ChessBase"]
[SourceQuality "1"]

{[%evp 14,118,51,15,33,29,34,28,35,37,46,44,47,26,24,15,29,0,31,19,20,0,0,-7,0,-11,58,53,31,-86,-86,-92,-59,-101,-108,-138,-118,-129,-126,-120,-106,-141,-157,-190,-193,-206,-102,-105,-108,-109,-112,-105,-89,-89,-89,-89,-89,-89,-89,-88,-90,-97,-97,-107,-88,-106,-106,-120,-117,-124,-124,-136,-124,-138,-117,-117,-86,-86,-88,-114,-109,-148,-80,-73,-64,-93,-82,-70,-80,-92,-54,-64,-12,-34,-8,-8,-8,-8,-8,-8,0,0,0,0,0,0,0]} 1. d4 d5 2. c4 dxc4 3. e4 Nf6 {[%cal Bg8f6,Bf6d5,Bd5b6][%mdl 32]} 4. e5 Nd5 5. Bxc4 Nb6 6. Bd3 Nc6 7. Ne2 Bg4 8. Be3 {LiveBook: 58 Partien. D20: Angenommenes Damengambit} Nb4 9. Be4 (9. Nbc3 {feels hotter.} c6 10. O-O g6 11. Be4 N4d5 12. h3) 9... N4d5 10. Nbc3 {Weiß steht etwas besser.} c6 11. O-O e6 12. Qc2 $146 ({Vorgänger:} 12. Qd3 g6 13. a3 Bf5 14. Bd2 Bg7 15. Rfd1 Nxc3 16. Bxc3 {½-½ (27) Cheparinov,I (2698)-Wang,H (2683) Ho Chi Minh City 2017}) 12... Bh5 13. Rad1 Be7 14. Bc1 Bg6 15. f4 O-O 16. g4 {zielt auf f5 ab.} Bxe4 17. Qxe4 Qd7 18. f5 f6 19. Rd3 Rae8 ({Günstiger ist} 19... Rad8 $11) 20. Rh3 $1 $14 exf5 21. Rxf5 (21. gxf5 $14 {war der einzige gute Zug.} fxe5 22. dxe5) 21... fxe5 $1 $17 {Weiss muss nun ...Txf5 beachten.} 22. Rxf8+ Kxf8 23. Qxh7 {[#] Dh8+ ist eine echte Drohung.} Nf6 $1 {[%cal Rf6h7]} 24. Qd3 {Droht g5.} Qxg4+ 25. Rg3 e4 26. Qe3 Qf5 27. Nf4 Bd6 28. Ng6+ Kg8 29. Rg5 {[#]} Qf3 (29... Qe6 $1 $19 {und Schwarz behält klar die Oberhand. Droht stark ...Sbd5.} 30. Qe2 Nh7) 30. Qxf3 exf3 31. Ne5 Bxe5 32. Rxe5 Rxe5 33. dxe5 {[%mdl 4096] Endspiel KLS-KSS} Nfd7 34. e6 Nc5 35. Be3 Nxe6 36. Kf2 Nc4 37. Bxa7 Nxb2 38. Kxf3 Nc4 39. Ne4 Kf7 40. Kg4 b5 41. Kf5 g6+ 42. Kg4 Ne5+ 43. Kg3 Nd3 44. Kf3 Nb4 45. Nc3 Nd5 46. Ne4 Ke7 47. Ke2 Nef4+ (47... Nf6 $142 48. Ke3 Nd5+ 49. Kd2 Nf6) 48. Kd2 Ke6 49. a4 bxa4 50. Nc5+ Kf5 {Droht ...a3 und aus.} 51. Nxa4 Ne6 52. Kd3 g5 ({Lieber} 52... Nf6 $15) 53. Nb2 Kg4 54. Ke4 {Die Stellung ist ausgeglichen.} Nef4 55. Nc4 Nc3+ 56. Ke5 Kf3 57. Kf5 Nh3 58. Ne5+ Kg2 59. Nf7 Kxh2 {Precision: Weiß = 45%, Schwarz = 50%.} 1/2-1/2

[Event "41st Eastman Open Ghent"]
[Site "Ghent"]
[Date "2018.07.17"]
[Round "7"]
[White "Docx, Stefan"]
[Black "Hamblok, Roel"]
[Result "1/2-1/2"]
[WhiteElo "2450"]
[BlackElo "2286"]
[Annotator "TA"]
[PlyCount "73"]
[EventDate "2018.07.15"]
[EventCountry "BEL"]
[SourceTitle "playchess.com"]
[Source "ChessBase"]
[SourceQuality "1"]

{[%evp 17,73,-2,-3,-4,0,-36,14,0,0,0,0,0,0,1,12,12,14,15,37,36,30,3,10,-8,-10,-21,0,-20,-12,-60,-60,-55,-7,-13,-7,-7,-7,-7,-4,-26,-41,-40,-37,-29,-38,-34,-37,-35,-45,-61,-58,-58,-60,-64,-68,-66,-58,-63]} 1. Nf3 Nf6 2. c4 e6 3. Nc3 d5 4. d4 Be7 5. Bf4 O-O 6. e3 b6 7. cxd5 Nxd5 8. Nxd5 exd5 9. a3 c5 {LiveBook: 16 Games} 10. Be2 {D37: Queen's Gambit Declined: 5 Bf4} (10. Ne5 Bf5 11. Bb5 a6 12. Bc6 Nxc6 13. Nxc6 Qd7 14. Nxe7+ Qxe7 15. dxc5 Qxc5 16. O-O Rac8 17. Rc1 Qxc1 18. Qxc1 Rxc1 19. Rxc1 {½-½ (31) Radjabov,T (2726)-Mamedyarov,S (2764) Tashkent 2014 CBM 163 [CB]}) 10... Nc6 11. O-O Be6 $146 ({Predecessor:} 11... h6 12. Qc2 Bb7 13. dxc5 bxc5 14. Rfd1 Qb6 15. Qf5 Rfd8 16. e4 Kf8 17. Bd3 Nd4 18. Nxd4 cxd4 {1-0 (44) Stohl,I (2524)-Pokorna,R (2359) Slovakia 2012}) 12. Bb5 {The position is equal.} Qc8 13. dxc5 bxc5 14. Qa4 Bd7 15. Qa6 Nb8 {[%cal Bc6b8,Bb8d7,Bd7b6,Bb6a4][%mdl 32]} 16. Qxc8 Rxc8 17. Be2 a6 18. Rfd1 Be6 $1 19. Rac1 Nd7 20. Ne5 {With the idea Nxd7.} Nb6 21. h3 h6 22. Bg3 c4 23. Nf3 {[%cal Be5f3,Bf3d4,Bd4e6][%mdl 32]} Na4 24. Be5 f6 25. Bc3 Rab8 26. Nd4 Bf7 27. Bg4 Rc7 {[%cal Bc8c7,Bc7b7,Bb7b2][%mdl 32]} 28. Ne6 Rcb7 {[#] Strongly threatening ...h5.} 29. Nf4 $1 Nxb2 30. Bxb2 Rxb2 31. Nxd5 {Black is slightly better.} Bxa3 {White must now prevent ...R2b5.} 32. Rxc4 Rb1 {[#] Hoping for ...Bxd5.} 33. Rcd4 Bc5 34. R4d2 a5 35. Rxb1 Rxb1+ 36. Kh2 Rb8 {And now ...a4 would win.} 37. Bd1 {Precision: White = 65%, Black = 59%.} 1/2-1/2

[Event "41st Eastman Open Ghent"]
[Site "Ghent"]
[Date "2018.07.17"]
[Round "7"]
[White "Arman, Deniz"]
[Black "Clemens, Adrian"]
[Result "1-0"]
[WhiteElo "2366"]
[BlackElo "2185"]
[Annotator "NA"]
[PlyCount "47"]
[EventDate "2018.07.15"]
[EventCountry "BEL"]
[SourceTitle "playchess.com"]
[Source "ChessBase"]
[SourceQuality "1"]

{[%evp 8,45,34,32767,32767,15,23,35,31,34,32767,32767,32767,32767,32767,32767,32767,32767,32767,32767,37,32767,0,0,0,0,32767,25,0,0,0,32767,32767,32767,334,351,32767,32767,587,384]} 1. e4 c5 2. Nf3 d6 3. d4 cxd4 4. Nxd4 Nf6 5. Nc3 a6 6. Bg5 Nbd7 7. Qe2 e6 8. O-O-O {LiveBook: 47 Games} Qc7 9. f4 Be7 {B96: Sicilian Najdorf: 6 Bg5 e6 7 f4, lines other than 7...Qb6 and 7...Be7} (9... b5 10. a3 Bb7 11. g4 Be7 12. Bh4 b4 13. axb4 a5 14. Bxf6 Nxf6 15. b5 a4 16. g5 Nxe4 17. Nxe4 d5 {½-½ (40) Adhiban,B (2677)-Nepomniachtchi,I (2751) Tbilisi 2017}) 10. g4 b5 11. a3 h6 12. Bh4 Rb8 13. Bg3 Nc5 14. Bg2 $146 ({Predecessor:} 14. h4 Nfxe4 15. Nxe6 fxe6 16. Nxe4 b4 17. Nxc5 Qxc5 {0-1 (27) Boelhouwer,C (2158)-Ackermann,F (2035) Vlissingen 2015}) 14... b4 15. axb4 Rxb4 16. e5 dxe5 17. Nc6 ({Reject} 17. Qxe5 Bd6 $15) 17... exf4 18. Nxb4 fxg3 19. Nc6 Bd6 20. hxg3 O-O {[#]} 21. g5 $18 hxg5 22. b4 Nb7 $2 (22... Bxg3 $16 23. bxc5 Bb7) 23. Qe3 Bxg3 24. Qxg3 1-0

[Event "41st Eastman Open Ghent"]
[Site "Ghent"]
[Date "2018.07.17"]
[Round "7"]
[White "Lammens, Tim"]
[Black "Lacrosse, Marc"]
[Result "1/2-1/2"]
[WhiteElo "2293"]
[BlackElo "2129"]
[Annotator "NA"]
[PlyCount "81"]
[EventDate "2018.07.15"]
[EventCountry "BEL"]
[SourceTitle "playchess.com"]
[Source "ChessBase"]
[SourceQuality "1"]

1. Nf3 d5 2. g3 Nf6 3. Bg2 e6 4. b3 Be7 5. c4 O-O 6. Bb2 c5 7. cxd5 exd5 8. O-O Nc6 9. d4 Bg4 10. dxc5 Bxc5 11. Nc3 {LiveBook: 83 Games} Re8 12. Rc1 Be7 {D34: Tarrasch Defence: 6 g3 Nf6 7 Bg2 Be7} (12... Bb4 13. h3 Bh5 14. a3 Bxc3 15. Bxc3 Ne4 16. Bb2 Qb6 17. g4 Bg6 18. Nd4 Rac8 19. e3 h6 20. Ne2 {1-0 (74) Mamedov,R (2651)-Ganguly,S (2626) Moscow 2013}) 13. h3 Bh5 14. e3 Qa5 $146 ({Predecessor:} 14... Rc8 15. g4 Bg6 16. Nh4 d4 17. Nxg6 hxg6 18. Bxc6 dxc3 19. Bxe8 cxb2 20. Rxc8 Qxc8 {1-0 (30) Chomicki,H (2015)-Woodhouse,S (1736) ICCF email 2015}) 15. a3 Rad8 16. b4 Qb6 17. g4 Bg6 18. Re1 a6 19. Qb3 Bd3 20. Ne2 Be4 21. Nfd4 Nxd4 22. Bxd4 Qd6 23. f3 Bg6 24. Qb2 $14 (24. Nf4 $16) 24... Nd7 25. Bxg7 Bh4 26. Bh6 Qe5 27. Qxe5 Nxe5 28. Red1 Nc4 29. Rc3 Bf6 30. Nd4 Nb2 31. Rdc1 Nd3 32. Rd1 Nb2 33. Rd2 Nc4 34. Rd1 Nb2 35. Rf1 Nc4 36. Kf2 Rd7 37. Rd1 Nb2 38. Rd2 Nc4 39. Rd1 Nb2 40. Rd2 Nc4 41. Rd1 1/2-1/2

[Event "41st Eastman Open Ghent"]
[Site "Ghent"]
[Date "2018.07.17"]
[Round "7"]
[White "Froeyman, Helmut"]
[Black "Epishin, Vladimir"]
[Result "0-1"]
[WhiteElo "2290"]
[BlackElo "2541"]
[Annotator "TA"]
[PlyCount "84"]
[EventDate "2018.07.15"]
[EventCountry "BEL"]
[SourceTitle "playchess.com"]
[Source "ChessBase"]
[SourceQuality "1"]

{[%evp 17,84,41,75,20,0,13,12,20,75,-19,-8,-39,-22,-16,-26,-40,0,-18,8,-53,-38,-29,-15,-109,-109,-114,-62,-78,-62,-109,-101,-108,-84,-113,-101,-136,-125,-129,-131,-158,-147,-181,-145,-195,-205,-360,-337,-402,-310,-753,-753,-753,-753,-743,-678,-637,-570,-29964,-29961,-29980,-29981,-29981,-29982,-29982,-29983,-29983,-29984,-29983,-29982]} 1. e4 c6 2. d4 d5 3. Nc3 a6 4. Nf3 Bg4 {[%cal Bc8g4,Bg4h5,Bh5g6][%mdl 32]} 5. h3 Bh5 6. exd5 {B15: Caro-Kann: 3 Nc3: 3...g6 and 3...dxe4 4 Nxe4 Nf6 5 Nxf6+ exf6} cxd5 7. g4 Bg6 8. Ne5 e6 (8... Nc6 9. h4 Nxe5 10. dxe5 d4 11. h5 Bxh5 12. gxh5 dxc3 13. Qxd8+ Kxd8 {½-½ (34) Lu,S (2640)-Zhou,J (2616) China 2018}) 9. h4 f6 {LiveBook: 6 Games} 10. h5 (10. Nxg6 $16 hxg6 11. Bd3) 10... Bxc2 $1 $11 11. Qxc2 {aiming for Qa4+.} fxe5 12. dxe5 Nc6 $146 (12... Nd7 $11) 13. Bd3 (13. Bf4 $16) 13... Nb4 14. Qe2 (14. Qa4+ {looks sharper.} b5 15. Qd1 Bc5 16. Bb1 Nc6 17. f4) 14... Nxd3+ 15. Qxd3 Rc8 16. a3 Qc7 17. Bf4 Nh6 18. Bxh6 (18. Ne2 $11) 18... gxh6 $15 19. O-O-O Qc4 ({But not} 19... Qxe5 $6 20. Rhe1 $16) 20. f3 {[#]} (20. Kb1 $1 $11 {keeps the balance.}) 20... Bxa3 $1 $17 {[%mdl 512]} 21. Kb1 {[%cal Rc3d5]} (21. bxa3 Qxc3+) 21... Qb3 (21... Be7 $17 22. Ne2 Kd7) 22. Rd2 $1 $15 {[%cal Rc3d5]} Bb4 $40 {[%mdl 128] Black mounts an attack.} 23. Ne2 Qxd3+ 24. Rxd3 Rg8 25. Rg1 Ke7 26. f4 Rc4 27. Rg2 Bc5 28. b3 Re4 29. Rf3 Rf8 30. Kc2 {[#]} Rxe5 $1 {[%mdl 512]} 31. fxe5 $2 (31. Rc3 {is a better defense.} d4 32. fxe5 dxc3 33. Kxc3) 31... Rxf3 $19 {[%mdl 4096] Endgame KRB-KRN} 32. g5 Rf2 33. g6 $2 {[#]} (33. Rxf2 Bxf2 34. gxh6) 33... hxg6 $1 ({Weaker is} 33... Rxg2 34. gxh7 Rxe2+ 35. Kd1 $11) 34. Rxf2 Bxf2 35. hxg6 {KB-KN} h5 36. Nf4 Bg3 37. Nxh5 Bxe5 {Black mates.} 38. Kd3 a5 39. Kc2 b5 {[%cal Bb7b5,Bb5a4][%mdl 32]} 40. Kd3 a4 41. bxa4 bxa4 42. Kc2 d4 {Precision: White = 29%, Black = 58%.} 0-1